Guess the dog man character - Statistics

General Stats
  • This quiz has been taken 29 times
  • The average score is 4 of 6
Answer Stats
Hint Answer % Correct
main character dog man
95%
Evil at first good at end Petey
86%
News reporter Sarah Hatoff
73%
Jim's costume Commander cupcake
64%
Petey's clone little Petey
50%
made the idea of dog man nurse lady
41%
No matching quizzes found
Score Distribution
Percent of People with Each Score
Percentile by Number Answered
Your Score History
You have not taken this quiz